Statistics for 2001 Tracklist (Dr. Dre)

Click here to take the quiz!

General Stats

  • This quiz has been taken 49 times
  • The average score is 11 of 23

Answer Stats

HintAnswer% Correct
4Still D.R.E.
92%
11The Next Episode
92%
2The Watcher
88%
10Forgot About Dre
85%
1Lolo - Intro
73%
3Fuck You
69%
7What's The Difference
69%
22The Message
62%
6XXplosive
62%
21Bang Bang
50%
12Let's Get High
46%
15Murder Ink
46%
9Light Speed
42%
23Outro
38%
20Ackrite
35%
5Big Ego's
35%
19Housewife
35%
18Pause 4 porno
35%
8Bar One
27%
14The Car Bomb
27%
16Ed-Ucation
15%
13Bitch N*ggaz
8%
17Some L.A. N*ggaz
8%

Score Distribution

Percentile by Number Answered

Percent of People with Each Score

Your Score History

You have not taken this quiz